Z generáció pénzügyi helyzete és boldogsága a jelenlegi gazdasági környezetben
| Main Author: | |
|---|---|
| Other Authors: | |
| Format: | Students’ Scientific Association paper |
| Kulcsszavak: | boldogság elégedettség pénz pénzügyi helyzet pénzügyi kultúra pénzügyi tudatosság tudatosság Z-generáció |
| Online Access: | http://dolgozattar.uni-bge.hu/57897 |
MARC
| LEADER | 00000nta a2200000 i 4500 | ||
|---|---|---|---|
| 001 | dolg57897 | ||
| 005 | 20250923115612.0 | ||
| 008 | 250923suuuu hu o 000 hun d | ||
| 040 | |a BGE Dolgozattár Repozitórium |b hun | ||
| 041 | |a hu | ||
| 100 | 1 | |a Kovács Patrícia | |
| 245 | 1 | 0 | |a Z generáció pénzügyi helyzete és boldogsága a jelenlegi gazdasági környezetben |c Kovács Patrícia |h [elektronikus dokumentum] |
| 516 | |a Students_Scientific_Association_paper | ||
| 520 | 3 | |a Az elmúlt években egyre jobban felmerült és kritikus fontosságú kérdéssé vált a Z generáció pénzügyi tudatossága és boldogsága a jelenlegi gazdasági környezetben. Számos kihívással kellett/ kell szembe néznie ennek a generációnak, mint például a folyamatos technológiai fejlődések, éghajlati vészhelyzet, környezeti problémák, COVID-19 világjárvány, változó pénzügyi körülmények és a gazdasági válságok. Ezek a kihívások mind-mind olyan tényezők, amelyek befolyásolják identitásukat és életük minden területét, beleértve pénzügyi döntéseiket és boldogságukat is. Véleményem szerint a Z generáció pénzügyi helyzete és boldogsága a mai gazdasági környezetben egy égetően fontos és aktuális téma. Dolgozatom fő kérdése, hogy hogyan befolyásolja a jelenlegi gazdasági környezet a Z generáció pénzügyi tudatosságát és boldogságát? Továbbá kidolgoztam néhány alkérdést is. - Van-e kapcsolat a Z generáció jövedelme és az általános elégedettsége között? - Mely tényezők okozzák a legnagyobb aggodalmat a Z generáció számára? A szakirodalom feldolgozásomat a pénz fogalmának, szerepének és a pénzügyi kultúra alakulásának részletes elemzésével indítottam. Majd a boldogság kérdéskörét vizsgáltam, kitértem a fogalmára, mérhetőségére, a pénz és boldogság közötti kapcsolatra. Ezt követően a Z generáció jellemzőit vizsgáltam, valamint elemeztem a jelenlegi gazdasági környezetnek a hatásait erre a korosztályra. Primer kutatásomhoz mennyiségi, azaz kvantitatív kutatási módszert választottam. Online kérdőív segítségével felmértem, hogyan kezelik a pénzügyeiket a fiatalok, milyen kihívásokkal szembesülnek és mindez hogyan hat a mentális egészségükre, jövőbeli kilátásaikra. Dolgozatomban három hipotézist fogalmaztam meg, melyek saját tapasztalataimon és a kutatásom kérdésein alapulnak. A hipotézis vizsgálatot SPSS Statistics programban készítettem el, Khi-négyzet próbával. Továbbá többváltozós statisztikai elemzést közül faktoranalízist és klaszteranalízist végeztem. Összességében úgy gondolom a kutatásom nemcsak a Z generációra vonatkozik, hanem a társadalom egészének jövőjére is hatással van. A pénzügyi biztonság és a tudatosság növelése elengedhetetlen az emberek jóllétéhez. | |
| 695 | |a boldogság | ||
| 695 | |a elégedettség | ||
| 695 | |a pénz | ||
| 695 | |a pénzügyi helyzet | ||
| 695 | |a pénzügyi kultúra | ||
| 695 | |a pénzügyi tudatosság | ||
| 695 | |a tudatosság | ||
| 695 | |a Z-generáció | ||
| 700 | 1 | |a Hegedűs Dr. Szilárd |e ths | |
| 856 | 4 | 0 | |u http://dolgozattar.uni-bge.hu/57897/1/Kova%CC%81cs_Patri%CC%81cia_PSZK_TDK.pdf |z Dokumentum-elérés |
| 856 | 4 | 0 | |u http://dolgozattar.uni-bge.hu/57897/2/Kova%CC%81cs_Patri%CC%81cia_%20PSZK_Szerzo%CC%8Bi_hozza%CC%81ja%CC%81rula%CC%81s_nyilatkozat.pdf |z Dokumentum-elérés |
| 856 | 4 | 0 | |u http://dolgozattar.uni-bge.hu/57897/3/Kova%CC%81cs_Patri%CC%81cia_PSZK_%20rezume.docx |z Dokumentum-elérés |
| 856 | 4 | 0 | |u http://dolgozattar.uni-bge.hu/57897/4/Kov%C3%A1cs%20Patr%C3%ADcia.pdf |z Dokumentum-elérés |
| 856 | 4 | 0 | |u http://dolgozattar.uni-bge.hu/57897/5/Kov%C3%A1cs.pdf |z Dokumentum-elérés |